000 00675cab a2200241 4500
001 WB2906-53
008 090401t1993 xxu||||| |||| 00| 0 eng d
035 _a(Sirsi) u48728
041 _aeng
245 _aBands of hope
260 _c1993
350 _a0
490 _aScotsman
_v4 February 1993, 27(1)
520 _aSuggests that discrepancies in council tax banding and the true market values of houses could actually be of benefit to homeowners in Scotland.
650 _aBANDING
650 _aCOUNCIL TAX
650 _aHOUSE PRICES
650 _aRICS
650 _aValuation
_96273
690 _aRATING AND VALUATION
942 _n0
948 _c04/03/1997
999 _c30603
_d30603